Πού βρίσκεται η Πρωτεύουσα στον Χάρτη της Χώρας; - Statistics

General Stats
  • This quiz has been taken 128 times
  • The average score is 8 of 15
Answer Stats
Question Answer % Correct
Πού είναι η πρωτεύουσα της Τουρκίας;
77%
Πού είναι η πρωτεύουσα της Γαλλίας;
77%
Πού είναι η πρωτεύουσα της Ισπανίας;
77%
Πού είναι η πρωτεύουσα των Ηνωμένων Πολιτειών;
66%
Πού είναι η πρωτεύουσα της Σουηδίας;
61%
Πού είναι η πρωτεύουσα του Ηνωμένου Βασιλείου;
61%
Πού είναι η πρωτεύουσα της Γερμανίας;
59%
Πού είναι η πρωτεύουσα της Κίνας;
55%
Πού είναι η πρωτεύουσα της Αιγύπτου;
48%
Πού είναι η πρωτεύουσα της Αυστραλίας;
45%
Πού είναι η πρωτεύουσα της Ινδίας;
41%
Πού είναι η πρωτεύουσα της Βραζιλίας;
41%
Πού είναι η πρωτεύουσα της Ιαπωνίας;
39%
Πού είναι η πρωτεύουσα του Μαρόκου;
30%
Πού είναι η πρωτεύουσα του Καναδά;
25%
No matching quizzes found
Score Distribution
Percent of People with Each Score
Percentile by Number Answered
Your Score History
You have not taken this quiz